[Event "Challenge"]
[Site "http://www.queenalice.com/game.php?id=1254540"]
[Date "2014.2.7"]
[Round "-"]
[White "carmenpossum"]
[Black "cyrano"]
[Result "0-1"]
[WhiteElo "1025"]
[BlackElo "1683"]

1. e4 e5 2. d4 d5 3. dxe5 dxe4 4. f4 h5 5. Nc3 Bg4 6. Nge2 h4 7. Nxe4 h3 8. Qd3
Bb4+ 9. Bd2 a5 10. Qb5+ Nc6 11. Qxb7 Nge7 12. Qb5 Rb8 13. Qc4 f5 14. gxh3 Bf3
15. N2g3 fxe4 16. Bxb4 axb4 17. Rg1 Qd4 18. Qxd4 Nxd4 19. c4 Nc2+ 20. Kf2 Nxa1
21. Ne2 g6 22. Nd4 Rd8 23. Ne6 Rd2+ 24. Kg3 Nf5# 0-1

[Event "Challenge"]
[Site "http://www.queenalice.com/game.php?id=1255230"]
[Date "2014.2.10"]
[Round "-"]
[White "jamesxirb"]
[Black "carmenpossum"]
[Result "0-1"]
[WhiteElo "1401"]
[BlackElo "1025"]

1. e4 e5 2. Nf3 Nc6 3. c3 g5 4. d4 d5 5. Nxg5 Be7 6. Nf3 Nf6 7. Nbd2 dxe4 8.
dxe5 exf3 9. gxf3 Nd5 10. c4 Nf4 11. Ne4 Nh3 12. Be3 Rg8 13. Qc2 Ng1 14. Rd1 Bd7
15. f4 Nb4 16. Qb1 c6 17. a3 Na6 18. f5 Qa5+ 19. Nc3 Qxe5 20. Bd3 Nc5 21. Kf1
Nf3 22. h3 b5 23. cxb5 cxb5 24. Bxb5 Nh2+ 25. Ke2 Rb8 26. Rd5 Qc7 27. b4 Bxb5+
28. Nxb5 Rxb5 29. a4 Ne4 30. Qd3 Rxb4 31. Rc1 Rb2+ 32. Kd1 Rg1+ 0-1

[Event "Encore, encore"]
[Site "http://www.queenalice.com/game.php?id=1260797"]
[Date "2014.2.28"]
[Round "-"]
[White "carmenpossum"]
[Black "cyrano"]
[Result "0-1"]
[WhiteElo "1064"]
[BlackElo "1695"]

1. e4 e5 2. d4 d5 3. dxe5 dxe4 4. c3 f5 5. b4 a5 6. a3 axb4 7. cxb4 Bxb4+ 8. Bd2
Bc5 9. f4 Qd4 10. Nh3 Qxa1 11. Bc3 Qa2 12. a4 Ne7 13. Nd2 e3 14. Nc4 Rxa4 15.
Nb2 Re4 16. Bd3 Nd5 17. Bxe4 Nxc3 18. Qc2 Qa1+ 19. Nd1 e2 20. Nf2 exd1=Q+ 21.
Nxd1 Nxe4 22. Ke2 b6 23. Nf2 Qa6+ 24. Nd3 Nc6 25. Qb2 Nb4 26. Rd1 Nxd3 27. Rxd3
Be6 28. Qc2 Bc4 29. e6 Bxd3+ 30. Qxd3 Qxd3+ 31. Kxd3 Ke7 32. h3 Rd8+ 33. Kc4
Kxe6 34. Kb5 Rd1 35. h4 Ng3 36. Kc6 Nh5 37. Kb5 Nxf4 38. g3 Rb1+ 39. Kc4 h5 40.
Kc3 Ne2+ 41. Kd2 Nxg3 42. Kc2 Rb5 43. Kc3 Ne2+ 44. Kc4 Rb4+ 45. Kd3 Ng1 46. Kc3
Rxh4 47. Kd3 f4 48. Kd2 f3 49. Ke1 f2+ 50. Kf1 Rf4 51. Kg2 f1=Q+ 52. Kg3 Qf3+
53. Kh2 Qh3# 0-1

[Event "Challenge #2014"]
[Site "http://www.queenalice.com/game.php?id=1262233"]
[Date "2014.3.4"]
[Round "-"]
[White "carmenpossum"]
[Black "jamesxirb"]
[Result "1-0"]
[WhiteElo "1072"]
[BlackElo "1399"]

1. e4 e5 2. d4 Qh4 3. Qd3 Qf6 4. d5 c5 5. Qd2 h6 6. Qa5 b6 7. Qd2 a6 8. a4 a5 9.
b3 Na6 10. h4 g5 11. Nf3 g4 12. Nh2 Qxh4 13. g3 Qh5 14. Be2 Nf6 15. f3 Qh3 16.
Kf2 Nh5 17. Bf1 Qxg3+ 18. Ke3 Qf4+ 19. Kf2 g3+ 20. Kg1 gxh2+ 21. Rxh2 Rg8+ 22.
Bg2 Qf5 23. exf5 d6 24. Rxh5 Bd7 25. Kf1 Rc8 26. Qe2 Nb4 27. Bxh6 Rh8 28. Qe3
Nxc2 29. Qc3 Nxa1 30. Qxa1 Bxh6 31. Nc3 Ke7 32. Kf2 c4 33. Ne4 cxb3 34. Nc3 f6
35. Qb2 Rc4 36. Qxb3 Rb4 37. Qc2 Rc4 38. Qd3 Rd4 39. Qa6 Rd2+ 40. Ne2 Rxd5 41.
Qxb6 Bxa4 42. Qb7+ Kf8 43. Qxd5 Ke7 44. Qe6+ Kf8 45. Qxf6+ Kg8 46. f4 Rh7 47.
Rxh6 Rg7 48. Bd5+ Rf7 49. Qxf7# 1-0

[Event "Challenge"]
[Site "http://www.queenalice.com/game.php?id=1267410"]
[Date "2014.3.23"]
[Round "-"]
[White "carmenpossum"]
[Black "cyrano"]
[Result "1-0"]
[WhiteElo "1104"]
[BlackElo "1682"]

1. d4 d5 2. Bf4 f5 3. e3 Nd7 4. c4 e6 5. c5 c6 6. b4 Ndf6 7. Nc3 Ng4 8. h3 Qh4
9. Qf3 g5 10. g3 Qh5 11. hxg4 Qg6 12. Be5 Bg7 13. gxf5 exf5 14. Rh5 Bxe5 15.
dxe5 g4 16. Qh1 h6 17. Nge2 b6 18. Nf4 Qf7 19. cxb6 axb6 20. b5 c5 21. Ncxd5 Ra5
22. Nxb6 Rxa2 23. Rxa2 Qxa2 24. Nxc8 Qa5+ 25. Kd1 Qd8+ 26. Nd6+ Ke7 27. Ng6+ Ke6
28. Nxh8 Ne7 29. Nf7 Qa5 30. Qb7 Qa1+ 31. Ke2 Qa2+ 32. Ke1 Qb1+ 33. Kd2 Qxf1 34.
Rxh6+ Ng6 35. Rxg6# 1-0

[Event "Again again!"]
[Site "http://www.queenalice.com/game.php?id=1271065"]
[Date "2014.4.7"]
[Round "-"]
[White "carmenpossum"]
[Black "jamesxirb"]
[Result "1-0"]
[WhiteElo "1104"]
[BlackElo "1409"]

1. e4 e5 2. d4 d5 3. exd5 exd4 4. Qxd4 Qe7+ 5. Ne2 c5 6. Qc4 Bd7 7. Bf4 b5 8.
Qd3 Na6 9. h4 g6 10. g4 Bxg4 11. Qxb5+ Qd7 12. Qxa6 Qxd5 13. Rg1 Rd8 14. Nd2 Rd6
15. Qxa7 Rd7 16. Qa5 Nf6 17. c4 Qc6 18. f3 Bf5 19. Rg5 Rxd2 20. Bxd2 h6 21. Rg2
g5 22. hxg5 Nd7 23. gxh6 Bxh6 24. Bxh6 Rxh6 25. Nc3 Qxf3 26. Rf2 Qe3+ 27. Re2
Re6 28. Rxe3 Rxe3+ 29. Be2 Bg4 30. Qa8+ Nb8 31. Qxb8+ Kd7 32. Nd5 Rxe2+ 33. Kf1
Rd2 34. Nf6+ Ke6 35. Nxg4 Kf5 36. Qg8 Rd7 37. Re1 Kf4 38. Kg2 Rd2+ 39. Kh3 Rd7
40. Kh4 Kf5 41. Qh7+ Kf4 42. Qe4# 1-0

[Event "What am I gettin' myself into"]
[Site "http://www.queenalice.com/game.php?id=1271359"]
[Date "2014.4.8"]
[Round "-"]
[White "carmenpossum"]
[Black "cyrano"]
[Result "1-0"]
[WhiteElo "1132"]
[BlackElo "1661"]

1. e4 e5 2. d4 d5 3. dxe5 dxe4 4. Nc3 f5 5. f4 a6 6. h4 h5 7. g3 g6 8. Nh3 b5 9.
Ng5 Qd7 10. e6 Qc6 11. Nd5 Qc5 12. b4 Qd6 13. Qd4 Rh6 14. c4 Nc6 15. c5 Nxd4 16.
cxd6 Bxd6 17. Nf7 Ra7 18. Rb1 Bxe6 19. Nxh6 Bxd5 20. Nxg8 Bxg8 21. a3 Nb3 22.
Be3 Ra8 23. Rh2 Rb8 24. Rc2 a5 25. bxa5 c6 26. Rxc6 Bxa3 27. Rd1 Bb4+ 28. Kf2
Nxa5 29. Rxg6 Bf7 30. Rf6 Be7 31. Rxf5 Nc6 32. Bc5 Bxc5+ 33. Rxc5 Nd8 34. Bxb5+
Kf8 35. Re1 Ne6 36. Re5 Nc7 37. Bc6 Rb2+ 38. Kg1 Rb3 39. R5xe4 Rxg3+ 40. Kh2 Rg6
41. Ba4 Ne6 42. Bb3 Nc5 43. Bxf7 Kxf7 44. Rc4 Nd3 45. Rf1 Rg4 46. Kh3 Kf6 47.
Rd4 Nc5 48. Rd5 Ne6 49. Rxh5 Rg8 50. f5 Nd4 51. Rh6+ Ke5 52. f6 Rf8 53. f7 Nf5
54. Rh7 Nd6 55. h5 Ke6 56. Rg7 Ke7 57. h6 Nxf7 58. Rfxf7+ Rxf7 59. h7 Rxg7 60.
h8=Q Kf7 61. Qh5+ Kg8 62. Qe8+ Kh7 63. Kh4 Kh6 64. Qe6+ Rg6 65. Qe3+ Kh7 66. Kh5
Rg7 67. Qe4+ Kh8 68. Kh6 Ra7 69. Qd4+ Rg7 70. Qxg7# 1-0

[Event "Challenge"]
[Site "http://www.queenalice.com/game.php?id=1271969"]
[Date "2014.4.10"]
[Round "-"]
[White "cyrano"]
[Black "carmenpossum"]
[Result "1-0"]
[WhiteElo "1650"]
[BlackElo "1104"]

1. e4 e5 2. d4 d5 3. dxe5 dxe4 4. f3 f6 5. fxe4 fxe5 6. Nf3 Qd6 7. Bc4 Be6 8.
Bxe6 Qxe6 9. Ng5 Qg6 10. Qd5 c6 11. Qxe5+ Be7 12. Ne6 Qf6 13. Nc7+ Kf8 14. Rf1
Nd7 15. Qg3 Rc8 16. Rxf6+ Bxf6 17. Qd6+ Ne7 18. Qxd7 Kf7 19. Qe6+ Kf8 20. Qd7 g5
21. Qd6 Kf7 22. e5 Nf5 23. Qxf6+ Kg8 24. Qe6+ Kg7 25. Qxf5 Rxc7 26. Qf6+ Kg8 27.
Qxg5+ Kf7 28. Bf4 Rg8 29. Qf6+ Ke8 30. Qe6+ Kf8 31. Bh6+ Rgg7 32. Bxg7+ Rxg7 33.
Qf6+ Kg8 34. e6 c5 35. Qd8# 1-0

[Event "Challenge"]
[Site "http://www.queenalice.com/game.php?id=1275013"]
[Date "2014.4.22"]
[Round "-"]
[White "carmenpossum"]
[Black "jamesxirb"]
[Result "1-0"]
[WhiteElo "1160"]
[BlackElo "1383"]

1. d4 d5 2. c3 c6 3. f4 f5 4. Nf3 h6 5. Ne5 Be6 6. Ng6 Rh7 7. Nxf8 Kxf8 8. e3
Nf6 9. Bd3 b5 10. h3 a6 11. g4 Qd7 12. gxf5 Bxf5 13. Rg1 e6 14. a4 a5 15. axb5
cxb5 16. Na3 b4 17. Nb5 Qc6 18. cxb4 Bxd3 19. Qxd3 Ne4 20. Nc3 axb4 21. Rxa8
Qxa8 22. Nb5 Qa1 23. Qc2 h5 24. Nc7 Qa2 25. Nxe6+ Ke7 26. Rg6 b3 27. Qc7+ Nd7
28. Qd8+ Kd6 29. Nc5+ Nf6 30. Nxd7 Qb1 31. Nc5+ Kc6 32. Rxf6+ gxf6 33. Qxf6+ Kb5
34. Qa6+ Kb4 35. Qa4# 1-0

[Event "Challenge"]
[Site "http://www.queenalice.com/game.php?id=1275197"]
[Date "2014.4.22"]
[Round "-"]
[White "capablanca2015"]
[Black "carmenpossum"]
[Result "1-0"]
[WhiteElo "1927"]
[BlackElo "1181"]

1. e4 e5 2. Nf3 f6 3. Bc4 c6 4. O-O d5 5. exd5 cxd5 6. Bb5+ Bd7 7. Bxd7+ Nxd7 8.
d3 Bc5 9. Nc3 d4 10. Ne4 Be7 11. Nh4 g6 12. Nf3 Nc5 13. b3 Nxe4 14. dxe4 Qb6 15.
Bb2 Rd8 16. Qc1 h5 17. Nh4 Nh6 18. Nxg6 Rh7 19. Nxe7 Kxe7 20. Kh1 Ng4 21. f3 Ne3
22. Rf2 h4 23. Qd2 Rg7 24. Ba3+ Kf7 25. f4 Rdg8 26. Rg1 h3 27. g3 Qc6 28. Qd3
Qd7 29. fxe5 Ng4 30. Rf5 Nxe5 31. Qf1 Ng4 32. Rd5 Qe6 33. Rxd4 Ne3 34. Qf2 Ng4
35. Qd2 Qc8 36. Rd7+ Kg6 37. Rxg7+ 1-0

[Event "Challenge"]
[Site "http://www.queenalice.com/game.php?id=1275632"]
[Date "2014.4.24"]
[Round "-"]
[White "cyrano"]
[Black "carmenpossum"]
[Result "1-0"]
[WhiteElo "1631"]
[BlackElo "1162"]

1. e4 e5 2. d4 d5 3. f4 dxe4 4. fxe5 f5 5. c4 g5 6. Qh5+ Kd7 7. Bxg5 Be7 8. Bxe7
Kxe7 9. Qg5+ Ke8 10. Qg7 Be6 11. Qxh8 Qe7 12. Be2 Nc6 13. d5 Nd4 14. Na3 Qb4+
15. Kf2 Bf7 16. e6 Qxb2 17. exf7+ Kxf7 18. Qxh7+ Kf8 19. Rb1 Qxa3 20. Rxb7 e3+
21. Kg3 Qc1 22. Rxc7 Qe1+ 23. Kf4 Qf2+ 24. Bf3 Qh4+ 25. Qxh4 Re8 26. Qh5 Re7 27.
Rc8+ Kg7 28. Qg5+ Kh7 29. Qxg8+ Kh6 30. Qg5+ Kh7 31. Qg8+ Kh6 32. Qh8+ Rh7 33.
Qf6# 1-0

[Event "Challenge"]
[Site "http://www.queenalice.com/game.php?id=1277159"]
[Date "2014.4.28"]
[Round "-"]
[White "carmenpossum"]
[Black "GustavoFS"]
[Result "0-1"]
[WhiteElo "1183"]
[BlackElo "1793"]

1. e4 e5 2. d4 exd4 3. Qxd4 Nc6 4. Qc4 Nf6 5. Bf4 Qe7 6. Nd2 Na5 7. Qa4 b6 8.
Bxc7 Qc5 9. Bf4 Be7 10. b4 Qxb4 11. Qxb4 Bxb4 12. Rb1 Bc5 13. Bd3 Nh5 14. Be5
O-O 15. g4 Nf6 16. h3 d6 17. Bg3 Bb7 18. Ne2 Nc6 19. O-O Nb4 20. Rb2 Nxd3 21.
cxd3 d5 22. d4 Be7 23. f3 dxe4 24. fxe4 Nxe4 25. Nxe4 Bxe4 26. Rd1 Rad8 27. Rdd2
f5 28. Nf4 Rf6 29. Rb5 g5 30. Nh5 Rc6 31. Re5 Rc1+ 32. Kf2 Bd6 33. Re6 Bb4 34.
Re2 Kf7 35. Rh6 Bd3 36. Ree6 Rc2+ 37. Ke3 Re2+ 38. Kxd3 Rxe6 39. Rxh7+ Kg6 40.
Rg7+ Kh6 41. Kc4 Bf8 42. Rxa7 f4 43. Bf2 Re2 44. Bg1 Rg2 45. Rf7 Rxg1 46. Rf6+
Kh7 47. Rf5 Bh6 48. a4 Rd1 49. d5 Rf8 50. Re5 f3 51. Ng3 f2 52. Kb5 Rb1+ 53. Kc4
Rf3 54. Rf5 Rxg3 55. Rxf2 Rxh3 56. d6 Rd1 57. Rf6 Rhd3 58. Kb5 Rxd6 59. Rf7+ Kg6
60. Rb7 Rb1+ 61. Ka6 b5+ 62. Ka5 b4 63. Rxb4 Rxb4 64. Kxb4 Rd4+ 65. Kb3 Rxg4 66.
a5 Re4 67. a6 Re7 68. Kc3 Ra7 69. Kd3 Rxa6 70. Ke3 Rf6 71. Ke4 g4 72. Ke5 g3 0-1

[Event "Challenge"]
[Site "http://www.queenalice.com/game.php?id=1277603"]
[Date "2014.4.30"]
[Round "-"]
[White "carmenpossum"]
[Black "cyrano"]
[Result "0-1"]
[WhiteElo "1185"]
[BlackElo "1660"]

1. d4 d5 2. c3 Nd7 3. b4 b5 4. a4 c6 5. a5 a6 6. f4 f5 7. Nf3 e6 8. g3 h6 9. Nh4
g5 10. Ng6 Rh7 11. Nxf8 Kxf8 12. h4 g4 13. Bg2 Ngf6 14. Nd2 Nh5 15. Nf1 Ndf6 16.
Ra3 Ne4 17. Qd3 Qd6 18. Rg1 Nhf6 19. Qe3 Nh5 20. Bxe4 dxe4 21. Nd2 Qd5 22. Kf2
Bd7 23. Nb3 Rd8 24. Rd1 Be8 25. Nc5 Ra7 26. Bb2 Nf6 27. Rc1 Qc4 28. Qd2 Rd6 29.
e3 Nd5 30. Qe2 Qxe2+ 31. Kxe2 Nf6 32. c4 Nh5 33. Kf2 Bf7 34. Rac3 e5 35. d5 Bxd5
36. cxd5 Rxd5 37. Re1 Rd2+ 38. Re2 Rd1 39. Ne6+ Ke7 40. Rxc6 Rh1 41. Rc7+ Rxc7
42. Nxc7 Rh2+ 43. Ke1 Rh1+ 44. Kf2 Kd6 45. Bxe5+ Kd7 46. Nxa6 Rh2+ 47. Ke1 Rh3
48. Rg2 Nxg3 49. Kf2 Nh1+ 50. Kg1 Ng3 51. Rd2+ Kc8 52. Kg2 Nh5 53. Nb8 Rxe3 54.
Kf2 Rb3 55. a6 e3+ 56. Ke2 exd2 57. Kxd2 Rxb4 58. a7 Kb7 59. Nc6 Ra4 60. Nd8+
Kxa7 61. Nf7 g3 62. Ke2 b4 63. Bd4+ Ka6 64. Nxh6 Nxf4+ 65. Kf3 Nh5 66. Nxf5 Ra3+
67. Kg4 Ra5 68. Ne3 b3 69. Bc3 Rc5 70. Bb2 Kb5 71. Kf3 Rc8 72. Nf1 Rf8+ 73. Kg2
Rf2+ 74. Kg1 Rxb2 75. Ne3 Nf4 76. Ng2 Rxg2+ 77. Kf1 b2 78. h5 b1=Q# 0-1

[Event "Challenge"]
[Site "http://www.queenalice.com/game.php?id=1629653"]
[Date "2020.10.12"]
[Round "-"]
[White "carmenpossum"]
[Black "cyrano"]
[Result "1-0"]
[WhiteElo "1179"]
[BlackElo "1692"]

1. d4 d5 2. c3 c6 3. a4 e6 4. b4 a5 5. Ba3 b5 6. bxa5 Qxa5 7. axb5 Bxa3 8. Rxa3
Qxb5 9. Rxa8 Bb7 10. Rxb8+ Kd7 11. Rxb7+ Qxb7 12. e3 f5 13. Bd3 Nf6 14. Nf3 Ra8
15. Ke2 Ra2+ 16. Nfd2 Ng4 17. f4 Qc7 18. Qb3 Qa7 19. Qb4 Ra4 20. Qf8 Qb6 21.
Qxg7+ Kc8 22. h3 Ra7 23. Qf8+ Kb7 24. hxg4 Qc7 25. Nf3 Ra2+ 26. Nbd2 Ra8 27.
Qb4+ Kc8 28. Rb1 fxg4 29. Qf8+ Qd8 30. Qxd8+ Kxd8 31. Ng5 h5 32. Rh1 Ke7 33.
Rxh5 Rg8 34. Rh6 Kd7 35. Nxe6 g3 36. Nc5+ Kc7 37. Ndb3 Ra8 38. Rh7+ Kb6 39. Rb7#
1-0

[Event "Challenge"]
[Site "http://www.queenalice.com/game.php?id=1630206"]
[Date "2020.10.18"]
[Round "-"]
[White "cyrano"]
[Black "carmenpossum"]
[Result "0-1"]
[WhiteElo "1673"]
[BlackElo "1209"]

1. e4 e5 2. d3 d6 3. c4 c5 4. Nc3 h5 5. h3 g5 6. Nge2 g4 7. hxg4 Bxg4 8. f3 Bd7
9. Nd5 Nf6 10. Bg5 Bg7 11. g4 hxg4 12. Ng3 Rxh1 13. Nxh1 Qa5+ 14. Bd2 Qa4 15.
Nc7+ Kd8 16. Nxa8 Qc6 17. Ba5+ b6 18. Qb3 Qxa8 19. Bc3 Nc6 20. fxg4 Nxg4 21. Bh3
Kc7 22. Qd1 Qh8 23. Qf3 Nh2 24. Qg2 Qxh3 25. Qxh3 Bxh3 26. Nf2 Bg2 27. Kd2 Bh6+
28. Kc2 Nd4+ 29. Kd1 Bf3+ 30. Ke1 Nc2# 0-1

[Event "Challenge"]
[Site "http://www.queenalice.com/game.php?id=1630592"]
[Date "2020.10.22"]
[Round "-"]
[White "carmenpossum"]
[Black "cyrano"]
[Result "1-0"]
[WhiteElo "1239"]
[BlackElo "1643"]

1. d4 d5 2. e3 f5 3. f4 h5 4. Be2 g6 5. Nc3 c6 6. Nf3 a6 7. Ne5 Qd6 8. Na4 Qb4+
9. Nc3 Rh6 10. Bd2 Qxb2 11. Na4 Qa3 12. Nb6 Ra7 13. Nxc8 Ra8 14. Qb1 a5 15. Qxb7
Bg7 16. Qxa8 Qb2 17. Kf2 Bxe5 18. fxe5 g5 19. Rhb1 Qxc2 20. Rxb8 Qxd2 21. Nd6+
Kd7 22. Rd8+ Ke6 23. Qc8# 1-0

[Event "Challenge"]
[Site "http://www.queenalice.com/game.php?id=1630970"]
[Date "2020.10.26"]
[Round "-"]
[White "cyrano"]
[Black "carmenpossum"]
[Result "0-1"]
[WhiteElo "1595"]
[BlackElo "1269"]

1. e4 e5 2. h4 h5 3. g3 g6 4. Qf3 Nh6 5. Bc4 Bc5 6. a3 a5 7. Nh3 Rf8 8. d3 Ng4
9. Bxf7+ Rxf7 10. Nf4 Qf6 11. Nc3 c6 12. Be3 Bxe3 13. fxe3 a4 14. b4 exf4 15. d4
Nxe3 16. Ra2 Qxd4 17. Ne2 Qd1+ 18. Kf2 fxg3+ 19. Kxe3 Rxf3+ 20. Kxf3 Qxh1+ 21.
Kxg3 Qb1 22. Nc3 Qe1+ 23. Kf4 Qxc3 24. Kg5 Ra5+ 25. Kxg6 Qg3+ 26. Kh6 Qd6+ 27.
Kg7 Qf8+ 28. Kh7 Kf7 29. c3 Qg7# 0-1

[Event "Challenge"]
[Site "http://www.queenalice.com/game.php?id=1631517"]
[Date "2020.11.1"]
[Round "-"]
[White "carmenpossum"]
[Black "cyrano"]
[Result "1-0"]
[WhiteElo "1298"]
[BlackElo "1582"]

1. d4 d5 2. e3 h5 3. Be2 g6 4. f4 e6 5. Nf3 f6 6. Nc3 a6 7. Nh4 Ne7 8. Bd3 g5 9.
Ng6 Nxg6 10. Bxg6+ Ke7 11. Bd3 b5 12. fxg5 e5 13. Qf3 Bg4 14. Qxf6+ Kd7 15. Qxh8
Nc6 16. Qh7+ Ne7 17. Rf1 Kc6 18. a4 b4 19. h3 Be6 20. Ne2 e4 21. Nf4 Bf5 22. Ne6
Bxe6 23. Be2 Qd6 24. Qxh5 Qg3+ 25. Rf2 Nf5 26. Qg6 Kd6 27. c4 Nh4 28. c5+ Kd7
29. c6+ Kd6 30. Qf6 Nxg2+ 31. Kf1 Qxh3 32. Rxg2 Be7 33. Qh6 Rf8+ 34. Kg1 Qf5 35.
Bd2 Rg8 36. Bxb4+ Kxc6 37. Bxe7 Rg6 38. Rf1 Rxh6 39. Rxf5 Bxf5 40. gxh6 Kd7 41.
Bh4 Ke8 42. Bh5+ Kf8 43. Bg6 Bh3 44. Rg5 Be6 45. Bf5 Bg8 46. Rg7 c6 47. Bf6 Bf7
48. h7 c5 49. h8=Q+ Bg8 50. Qxg8# 1-0

[Event "Challenge"]
[Site "http://www.queenalice.com/game.php?id=1632578"]
[Date "2020.11.11"]
[Round "-"]
[White "carmenpossum"]
[Black "cyrano"]
[Result "0-1"]
[WhiteElo "1325"]
[BlackElo "1537"]

1. d4 d5 2. g4 Bxg4 3. Bh3 f5 4. Nf3 Bxh3 5. Ng5 Bg4 6. Ne6 Qd6 7. Nxf8 Kxf8 8.
h3 Bh5 9. Qd3 e6 10. Rg1 Qh2 11. Rg5 g6 12. Nc3 a6 13. Qg3 Qxg3 14. Rxg3 Nc6 15.
Bf4 Nxd4 16. Kd2 Nf6 17. Be5 Ne4+ 18. Nxe4 Nxe2 19. Bxh8 dxe4 20. Rb3 b5 21. Be5
Rd8+ 22. Ke1 Ng1 23. Bf6 Nf3+ 24. Kf1 Nd2+ 25. Kg2 Nxb3 26. axb3 Rd6 27. Bg5 Bd1
28. Bf4 Bf3+ 29. Kg3 Rc6 30. Kh4 Rxc2 31. Rxa6 Kf7 32. Kg5 Rxf2 33. Bg3 Rg2 34.
Kh4 Rxb2 35. Kg5 Rg2 36. Kf4 Rb2 37. Ke5 Rd2 38. Rxe6 Rd6 39. Rxd6 cxd6+ 40.
Kxd6 Kf6 41. Kc5 Kg5 42. h4+ Kg4 43. Be1 Kh3 44. Kxb5 Kg2 45. Kc4 e3 46. Kd3 f4
47. b4 Kf1 48. Bc3 Be2+ 49. Ke4 Bd1 50. Kxf4 e2 51. Kg5 e1=Q 52. Bxe1 Kxe1 53.
b5 Bf3 54. Kh6 Kf2 55. Kxh7 Be4 56. Kh6 Kg3 57. Kg5 Bd3 58. b6 Be4 59. h5 gxh5
60. Kxh5 Kf4 61. Kh4 Ke5 62. Kg3 Kd6 63. Kf4 Bb7 64. Ke3 Kc6 0-1

[Event "Challenge"]
[Site "http://www.queenalice.com/game.php?id=1633663"]
[Date "2020.11.20"]
[Round "-"]
[White "carmenpossum"]
[Black "cyrano"]
[Result "1-0"]
[WhiteElo "1317"]
[BlackElo "1545"]

1. e4 e5 2. d3 d5 3. c3 c5 4. d4 cxd4 5. cxd4 dxe4 6. dxe5 f6 7. Qxd8+ Kxd8 8.
Nc3 f5 9. Bg5+ Be7 10. Rd1+ Ke8 11. Bb5+ Nd7 12. Bxe7 Nxe7 13. e6 Nc6 14. exd7+
Bxd7 15. f3 a6 16. Be2 Nb4 17. fxe4 Nc2+ 18. Kf2 f4 19. Nd5 Rc8 20. Nb6 Rc7 21.
Nxd7 Rxd7 22. Rxd7 Kxd7 23. Nh3 Rf8 24. g3 Nd4 25. Rd1 Ke6 26. Rxd4 Ke5 27. Ng5
Kxd4 28. Ne6+ Kxe4 29. Nxf8 g5 30. Bf3+ Ke5 31. Nxh7 Kf5 32. Bxb7 fxg3+ 33. hxg3
a5 34. a3 g4 35. b4 axb4 36. axb4 Ke5 37. b5 Kd6 38. Be4 Ke5 39. Ke3 Kd6 40. Kd4
Kc7 41. Kc5 Kd7 42. b6 Kc8 43. b7+ Kb8 44. Nf6 Kc7 45. Kb5 Kd6 46. b8=Q+ Ke6 47.
Qf4 Ke7 48. Kc6 Ke6 49. Qd6+ Kf7 50. Nxg4 Kg7 51. Qf6+ Kg8 52. Bd5+ Kh7 53. Qh6#
1-0

[Event "Challenge"]
[Site "http://www.queenalice.com/game.php?id=1634398"]
[Date "2020.11.27"]
[Round "-"]
[White "cyrano"]
[Black "carmenpossum"]
[Result "1-0"]
[WhiteElo "1474"]
[BlackElo "1342"]

1. e4 e5 2. h4 h5 3. Bc4 a6 4. Qf3 Qf6 5. d3 Qxf3 6. Nxf3 f6 7. a4 Nh6 8. d4 Ng4
9. dxe5 Bc5 10. Nh2 Bxf2+ 11. Ke2 Nxe5 12. Bb3 Bxh4 13. Bf4 d6 14. g3 Bg5 15.
Nc3 Ng4 16. Nxg4 Bxg4+ 17. Ke3 Nc6 18. Nd5 Kd7 19. c3 Rhe8 20. Bd1 Bxd1 21.
Raxd1 Ne5 22. Rxh5 Nc4+ 23. Kd4 Nxb2 24. Rb1 Rh8 25. Rxh8 Rxh8 26. Rxb2 Kc8 27.
Ne7+ Kd7 28. Ng6 Rb8 29. Rh2 c5+ 30. Kd5 b5 31. a5 b4 32. Bxd6 Rb5 33. Rh7 bxc3
34. Rxg7+ Ke8 35. Re7+ Kd8 36. Bc7+ Kc8 37. Kc6 c2 38. Re8# 1-0

[Event "Challenge"]
[Site "http://www.queenalice.com/game.php?id=1640411"]
[Date "2021.1.18"]
[Round "-"]
[White "cyrano"]
[Black "carmenpossum"]
[Result "0-1"]
[WhiteElo "1514"]
[BlackElo "1331"]

1. e4 e5 2. d3 d6 3. g4 g5 4. Nf3 f6 5. Be2 Bxg4 6. h3 Be6 7. c4 Nc6 8. Qa4 Qd7
9. Qb3 Nd4 10. Nxd4 exd4 11. Bh5+ Bf7 12. Bg4 Be6 13. Bh5+ Bf7 14. Qd1 b5 15.
Bf3 bxc4 16. e5 Rb8 17. Na3 dxe5 18. Qc2 Bd5 19. Bxd5 Qxd5 20. Qa4+ c6 21. O-O
cxd3 22. Nc4 Rb4 23. Qa6 Qxc4 24. Qc8+ Kf7 25. Qd7+ Be7 26. Bd2 Rxb2 27. Rac1
Qe6 28. Qxe6+ Kxe6 29. Rxc6+ Kd7 30. Ra6 Rxd2 31. Rxa7+ Ke6 32. Rc1 Kf5 33. a4
Re2 34. Rd1 d2 35. Kf1 Re1+ 36. Rxe1 dxe1=Q+ 37. Kxe1 Bb4+ 38. Ke2 Nh6 39. Rb7
Bc3 40. Rc7 e4 41. Rc5+ Kf4 42. a5 Rb8 43. a6 Rb2+ 44. Kd1 Kf3 45. a7 Ra2 46.
Rc7 Ra1+ 47. Kc2 Kxf2 48. Rxh7 e3 49. Kd3 e2 50. Re7 e1=Q 51. Rxe1 Kxe1 52. a8=Q
Rxa8 53. Ke4 Re8+ 54. Kd3 Nf5 55. Kc4 Ne3+ 56. Kd3 Kd1 57. h4 f5 58. hxg5 f4 59.
g6 f3 60. g7 f2 61. g8=Q f1=Q# 0-1